00688nam a2200169 a 4500003000200000005001700002008004100019050002800060100002900088245010700117260009000224300004000314504004100354650006100395650002700456650003500483020250208124211.0130116s19uu xx 00 eng d aPHS LB 3609b.M539 2012 aMendoza, Loiza Ysabel M. aGender and level of self disclosure on Facebook of high school IV students /cLoiza Ysabel M. Mendoza. aLas Piñas City, Philippines :bSouthville International School and Colleges,c2012. a26 pages :billustrations ;c28 cm. aIncludes bibliographical references. aFacebook (Electronic resource)xSocial aspectxInfluence aYouthxSocial networks aSelf-disclosure in adolescence